Техническая микроскопия. Практика работы с микроскопами для технических целей

書誌詳細
第一著者: Егорова О. В. Ольга Владимировна
要約:Данная книга представляет собой развитие темы технической микроскопии, поднятой автором в книге «С микроскопом на «ты» (СПб.: Интерлаб, 2000). За прошедшее время произошли изменения в номенклатуре световых микроскопов, появились вопросы, связанные с технологией изготовления, измерения, оценки качества оптических систем и их тестированием. В книге рассмотрены вопросы классификации технических микроскопов, подбора техники для решения задач микроскопических методов исследования образцов, а также вопросы стандартизации и методов контроля качества оптических деталей. Приведены основные формулы микроскопии. Книга предназначена для специалистов-микроскопистов ЦЗЛ, студентов технических вузов, разработчиков оптических систем, менеджеров и маркетологов.
言語:ロシア語
出版事項: Москва, Техносфера, 2007
版:2-е изд., перераб.
シリーズ:Мир материалов и технологий
主題:
フォーマット: 図書
KOHA link:https://koha.lib.tpu.ru/cgi-bin/koha/opac-detail.pl?biblionumber=117142

MARC

LEADER 00000nam0a2200000 4500
001 117142
005 20231031123550.0
010 |a 9785948361291 
035 |a (RuTPU)RU\TPU\book\126781 
090 |a 117142 
100 |a 20070531d2007 km y0rusy50 ca 
101 0 |a rus 
102 |a RU 
105 |a a z 001zy 
200 1 |a Техническая микроскопия. Практика работы с микроскопами для технических целей  |f О. В. Егорова 
205 |a 2-е изд., перераб. 
210 |a Москва  |c Техносфера  |d 2007 
215 |a 360 с.  |c ил. 
225 1 |a Мир материалов и технологий 
320 |a Литература: с. 355-357. 
330 |a Данная книга представляет собой развитие темы технической микроскопии, поднятой автором в книге «С микроскопом на «ты» (СПб.: Интерлаб, 2000). За прошедшее время произошли изменения в номенклатуре световых микроскопов, появились вопросы, связанные с технологией изготовления, измерения, оценки качества оптических систем и их тестированием. В книге рассмотрены вопросы классификации технических микроскопов, подбора техники для решения задач микроскопических методов исследования образцов, а также вопросы стандартизации и методов контроля качества оптических деталей. Приведены основные формулы микроскопии. Книга предназначена для специалистов-микроскопистов ЦЗЛ, студентов технических вузов, разработчиков оптических систем, менеджеров и маркетологов. 
610 1 |a техническая микроскопия 
610 1 |a микроскопы 
610 1 |a технические цели 
610 1 |a классификация 
610 1 |a металлографический микроскоп 
610 1 |a поляризационные микроскопы 
610 1 |a стереоскопические микроскопы 
610 1 |a специализированные микроскопы 
610 1 |a исследования 
610 1 |a измерения 
610 1 |a аппаратно-программные комплексы 
610 1 |a поляризация 
610 1 |a люминесценция 
610 1 |a настройка 
610 1 |a изображения 
610 1 |a качество 
610 1 |a контроль 
610 1 |a объекты 
675 |a 681.72  |v 3 
700 1 |a Егорова  |b О. В.  |g Ольга Владимировна 
801 1 |a RU  |b 63413507  |c 20070531  |g PSBO 
801 2 |a RU  |b 63413507  |c 20151014  |g PSBO 
942 |c BK 
959 |a 46/20070529  |d 2  |e 300,00  |f АНЛ:1  |f ЧЗТЛ:1